| 000 | 00500nam a2200217Ia 4500 | ||
|---|---|---|---|
| 003 | OSt | ||
| 005 | 20221005120004.0 | ||
| 006 | a|||||r|||| 00| 0 | ||
| 007 | ta | ||
| 008 | 221004b |||||||| |||| 00| 0 eng d | ||
| 024 | _a120618 | ||
| 037 | _cTextual | ||
| 040 |
_aCRL _cCRL _beng |
||
| 041 |
_2eng _aeng |
||
| 100 |
_aBlocker John W _9628340 |
||
| 245 | 0 | _aCost accounting | |
| 260 | _c1954 | ||
| 650 | _aACCOUNTING | ||
| 942 |
_cTEXL _2cc |
||
| 999 |
_c1036478 _d1036478 |
||